|
|
|
|
| LEADER |
00000nam0a2200000 4500 |
| 001 |
13807 |
| 005 |
20231101204918.0 |
| 010 |
|
|
|a 5256014951
|
| 035 |
|
|
|a (RuTPU)RU\TPU\book\13890
|
| 035 |
|
|
|a BOOK00013958
|
| 090 |
|
|
|a 13807
|
| 100 |
|
|
|a 20011209d2000 m y0rusy50 ca
|
| 101 |
0 |
|
|a rus
|
| 102 |
|
|
|a RU
|
| 105 |
|
|
|a a z 000zy
|
| 200 |
1 |
|
|a Высококачественные ламповые усилители звуковой частоты
|f Г. С. Гендин
|
| 205 |
|
|
|a 2-е изд.
|
| 210 |
|
|
|a Москва
|c Радио и связь
|d 2000
|
| 215 |
|
|
|a 128 с.
|c ил.
|
| 225 |
1 |
|
|a Массовая радиобиблиотека
|v Вып. 1235
|
| 606 |
1 |
|
|a Ламповые усилители
|2 stltpush
|3 (RuTPU)RU\TPU\subj\72463
|9 85974
|
| 610 |
1 |
|
|a усилители звуковой частоты
|
| 610 |
1 |
|
|a УЗЧ
|
| 675 |
|
|
|a 621.375.2
|v 3
|
| 700 |
|
1 |
|a Гендин
|b Г. С.
|g Геннадий Семенович
|
| 801 |
|
0 |
|a RU
|b 63413507
|c 20011209
|g PSBO
|
| 801 |
|
2 |
|a RU
|b 63413507
|c 20130423
|g PSBO
|
| 942 |
|
|
|c BK
|